Названия песен The Beatles на русском - Армагеддон - Statistics

General Stats
  • This quiz has been taken 12 times
  • The average score is 8 of 25
Answers on the Grid
Answers color-coded by a green-red scale on the quiz's grid according to % correct below.
Я тебя заколдовал
Всё ещё люблю тебя
Можешь вести мою машину
Белый кролик
Элеанор Ригби
Ещё один кирпич в стену
Лимонное дерево
Эй, Джуд
Обратный отсчёт
Зажги мой огонь
Серебряный молоток Максвелла
Да будет так
Ничто более не важно
С Днём рождения
Кого ты любишь?
Один день из жизни
Сойдёмся же вместе
Лондон зовёт
Шоу должно продолжаться
Лестница в небеса
Весь день и всю ночь
И приходит Солнце
Я хочу держать тебя за руку
Оставаться живым
Земляничные поляны навечно
Вы когда-нибудь видели дождь?
Люси в алмазном небе
Парни снова в городе
Жёлтая субмарина
Пожалуйста, порадуй меня
Всё, что вам нужно - это любовь
Перелётная птица
Жажда жизни
Ночь после трудного дня
Ты не можешь всегда получать то, что хочешь
Чудо-стена
Я - морж
Девушка
Боже, храни королеву
Дым над водой
На помощь!
Пурпурный дождь
Деньги на ветер
P.S. Я люблю тебя
Проездной билет
Литий
Варварство начинается дома
Я, мне, моё
А ещё я люблю её
Любовь не купишь
 
Answer Stats
Answer % Correct
Эй, Джуд
92%
Жёлтая субмарина
75%
На помощь!
75%
Элеанор Ригби
67%
Всё, что вам нужно - это любовь
42%
Девушка
42%
И приходит Солнце
33%
Земляничные поляны навечно
33%
Люси в алмазном небе
33%
Ночь после трудного дня
33%
P.S. Я люблю тебя
33%
Лимонное дерево
25%
Серебряный молоток Максвелла
25%
Да будет так
25%
Сойдёмся же вместе
25%
А ещё я люблю её
25%
Любовь не купишь
25%
Можешь вести мою машину
17%
Один день из жизни
17%
Я хочу держать тебя за руку
17%
Я, мне, моё
17%
С Днём рождения
8%
Пожалуйста, порадуй меня
8%
Я - морж
8%
Проездной билет
8%
No matching quizzes found
Score Distribution
Percent of People with Each Score
Percentile by Number Answered
Your Score History
You have not taken this quiz